000 00898nam a2200193 a 4500
001 49878
005 20180714034736.0
008 140415s2004 sp 000 0 spa d
020 _a8497322738
041 _aspa
082 _a629.254
_bALO
100 1 _aALONSO, JOSE MANUEL
245 1 0 _aTECNICAS DEL AUTOMOVIL :
_bEQUIPO ELECTRICO
250 _a1a ed.
260 _aESPAÑA :
_bCOMISION NACIONAL DE LOS DERECHOS HUMANOS,
_c2004
300 _a294
_c19 x 2.9 x 25.8
490 _aELECTROMECANICA DE VEHICULOS
520 _aEN ESTE LIBRO SE DESCRIBEN TODOS LOS COMPONENTES DEL EQUIPO ELÉCTRICO DE UN AUTOMOVIL MODERNO, BRINDANDO A LECTOR IGUALMENTE LOS PRINCIPIOS BASICOS DE LA ELECTRONICA, TAN DECISIVA HOY EN LA APLICACION DE LOS NUMEROSOS COMPONENTES QUE ABARCA EL EQUIPO ELECTRICO DE UN AUTOMOVIL. CADA CAPITULO INCLUYE UN CUADRO SINOPTICO PARA LA LOCALIZACION DE AVERIAS.
999 _c49878
_d49878